| 000 | 00524nam a22001817a 4500 | ||
|---|---|---|---|
| 003 | BD-DhUIB | ||
| 005 | 20260518203426.0 | ||
| 008 | 260518b |||||||| |||| 00| 0 eng d | ||
| 020 | _a9780199247240 | ||
| 040 |
_aBD-DhUIB _cBD-DhUIB |
||
| 082 | _222 | ||
| 100 |
_aRebick, Marcus. _91127 |
||
| 245 |
_aThe Japanese employment system : _badapting to a new economic environment/ _cby Marcus Rebick. |
||
| 260 |
_bOxford University Press. _cc2005 |
||
| 300 |
_axvii, 196p. : _billus. ; _c24cm. |
||
| 526 | _aMBA | ||
| 942 |
_2ddc _cBK |
||
| 999 |
_c716 _d716 |
||